000
00208nam a2200109Ia 4500
100
_a
#N/A
942
_c
BK
245
_a
120+FREE AND OPEN SOURCE SOFTWARE
260
_b
#N/A
546
_a
ENGLISH
999
_c
25391
_d
25391